000 00550nam a2200217 a 4500
001 0001-2207
003 ELIB.Books
008 190803 2010 eng
020 _a0070539553
092 _a305.8
_bRos
100 _aRosman, Abraham.
245 _aThe Tapestry of Culture
260 _aNew York
_bMcGraw-Hall Book Company
_c1995
300 _a366
_c23cm
650 _aEthnology
856 _nKBTS Library
_uKBTS Elib
942 _2ddc
_cBK
990 _a1
998 _aEnglishbooks.elf
_ccat
_e2019-08-03
999 _c12207
_d12207